Представление документа в формате RUSMARC

ПолеНазваниеЗначение
  Тип записи a
  Библиографический уровень m
001 Контрольный номер RU/IS/BASE/593282928
005 Дата корректировки 20240207193818.2
010 Индекс ISBN __
b Уточнения в пер.
d Цена 0 р. 75 к.
9 Тираж 75000 экз.
100 Данные общей обработки __
a Данные общей обработки 20181019d2018 ||| 0rusy0189 ca
101 Язык документа 0_
a Язык текста rus
102 Страна публикации __
a Страна публикации RU
105 Кодированные данные (монография) __
a Кодированные данные (монография) y###||||000|y
200 Заглавие и сведения об ответственности 1_
a Заглавие Лыжня зовет
b Общее обозначение материала Текст
e Сведения, относящиеся к заглавию [для детей]
f Первые сведения об ответственности А. А. Малеинов
210 Выходные данные 1_
a Место издания Москва
c Издательство Физкультура и спорт
d Дата издания 1974
215 Физическое описание __
a Объем 102 с.
c Иллюстрации/тип воспроизводства ил.
d Формат 23 см.
225 Серия 1_
a Серия Азбука спорта
606 Тематические рубрики 1_
a Основная рубрика Зимний спорт - Лыжный спорт
608 Указатель предметных рубрик __
a Жанр/форма очерк
610 Ключевые слова 1_
a Ключевые слова зимний спорт
a Ключевые слова лыжный спорт
a Ключевые слова лыжи
a Ключевые слова лыжный спорт
a Ключевые слова спортсмены
a Ключевые слова лыжники
a Ключевые слова лыжные прогулки
a Ключевые слова снаряжение
610 Ключевые слова 0_
a Ключевые слова лыжня
610 Ключевые слова 0_
a Ключевые слова начинающие лыжники
686 Индексы других классификаций __
a Классификационный индекс 75.719
2 Код системы rubbk
700 Автор _1
a Фамилия Малеинов
b Имя (инициалы) Андрей Александрович
g Полное личное имя А. А.
801 Источник записи _0
a Страна RU
b Организация Ульяновская ОБДЮ
c Дата составления 20181019
g Правила каталогизации RCR
801 Источник записи _1
a Страна RU
b Организация Ульяновская ОБДЮ
c Дата составления 20181019
g Правила каталогизации RCR
852 Данные о местонахождении __
a Наименование организации Ульяновская ОБДЮ
i Авторский знак М 18
j Шифр хранения 75.719
901 Тип документа __
t Тип документа m
909 Создатель записи __
a Создатель записи Кузина Е.А
910 Корректоры записи __
a Корректор записи Кузина Е.А
919 __
a Кузина Е.А
c Кузина Е.А
938 Служебная информация __
a Имя БД MarkBase